[Event "Titled Tuesday intern op 16th Apr Early"]
[Site "Chess.com INT"]
[Date "2024.04.16"]
[Round "4"]
[White "King, Alexander B"]
[Black "Khromkin, Andrey"]
[Result "0-1"]
[WhiteElo "2263"]
[BlackElo "2191"]
[PlyCount "108"]
[EventDate "2024.04.16"]
[EventType "swiss (blitz)"]
[EventRounds "11"]
[EventCountry "USA"]
[SourceTitle "CB17_2024"]
[SourceDate "2024.04.24"]
[SourceVersion "1"]
[SourceVersionDate "2024.04.24"]
[SourceQuality "1"]

1. c4 c5 2. g3 Nc6 3. Bg2 g6 4. Nf3 Bg7 5. 0-0 a6 6. Nc3 Rb8 7. a4 d6 8. e3 h5 9. d4 cxd4 10. exd4 Bg4 11. Be3 h4 12. h3 Bxf3 13. Qxf3 Nxd4 14. Bxd4 Bxd4 15. Kh2 Be5 16. Rad1 Nf6 17. Rfe1 Qb6 18. Re2 Rh5 19. Qe3 hxg3+ 20. Kh1 Qxe3 21. fxe3 Bxc3 22. bxc3 Rc5 23. Rb1 Rxc4 24. Bxb7 Kd8 25. Reb2 a5 26. Rb3 Nd7 27. Kg2 Nc5 28. Rb5 Rxa4 29. Bd5 Rxb5 30. Rxb5 e6 31. Bc6 Ra3 32. Kxg3 a4 33. Ra5 Rxc3 34. Kf4 Nd3+ 35. Ke4 Rxc6 36. Kxd3 Rc5 37. Rxa4 Ke7 38. h4 d5 39. Ke2 Rc4 40. Ra7+ Kf6 41. Kf3 Rxh4 42. Kg3 Rb4 43. Kf3 g5 44. Ra8 Kf5 45. Ra7 f6 46. Ra6 Rb3 47. Kf2 e5 48. Rd6 Ke4 49. Rxf6 Rb2+ 50. Kg3 Kxe3 51. Rf5 Ke4 52. Rxg5 d4 53. Rg8 d3 54. Rd8 Ke3 0-1

[Event "Titled Tuesday intern op 13th Feb Early"]
[Site "Chess.com INT"]
[Date "2024.02.13"]
[Round "3"]
[White "Khromkin, Andrey"]
[Black "Al Tarbosh, Ward"]
[Result "0-1"]
[WhiteElo "2191"]
[BlackElo "2278"]
[PlyCount "84"]
[EventDate "2024.02.13"]
[EventType "swiss (blitz)"]
[EventRounds "11"]
[EventCountry "USA"]
[SourceTitle "CB08_2024"]
[SourceDate "2024.02.21"]
[SourceVersion "1"]
[SourceVersionDate "2024.02.21"]
[SourceQuality "1"]

1. d4 Nf6 2. c4 b6 3. Nf3 Bb7 4. g3 e6 5. Bg2 c5 6. dxc5 Bxc5 7. 0-0 0-0 8. a3 a5 9. b3 Nc6 10. Bb2 Qe7 11. Nc3 Rab8 12. Na4 d6 13. Qc2 Rfd8 14. Rfd1 Rd7 15. Ng5 e5 16. e3 h6 17. Ne4 Nxe4 18. Bxe4 Na7 19. Nc3 b5 20. Nd5 Qd8 21. Bf5 Bxd5 22. Bxd7 Bf3 23. Bf5 bxc4 24. Qxc4 Qf6 25. Bh3 Bxd1 26. Rxd1 Qf3 27. Rd3 Qc6 28. Bg2 Qb6 29. Bd5 Rf8 30. Kg2 Nc8 31. h4 Ne7 32. Be4 Kh8 33. Rd1 f5 34. Bc2 Qb7+ 35. Kh2 Qf3 36. Rd2 f4 37. Qd3 fxg3+ 38. fxg3 g6 39. Qe4 Qf1 40. b4 Rf2+ 41. Rxf2 Qxf2+ 42. Kh3 Bxe3 0-1

[Event "Titled Tuesday intern op 19th Dec Early"]
[Site "Chess.com INT"]
[Date "2023.12.19"]
[Round "4"]
[White "Hajiyev, Kanan"]
[Black "Khromkin, Andrey"]
[Result "1/2-1/2"]
[WhiteElo "2135"]
[BlackElo "2191"]
[PlyCount "203"]
[EventDate "2023.12.19"]
[EventType "swiss (blitz)"]
[EventRounds "11"]
[EventCountry "USA"]
[SourceTitle "CB52_2023"]
[SourceDate "2023.12.27"]
[SourceVersion "1"]
[SourceVersionDate "2023.12.27"]
[SourceQuality "1"]

1. d4 d5 2. Nf3 a6 3. c4 dxc4 4. a4 Nc6 5. e4 Bg4 6. d5 Na5 7. Nbd2 Nf6 8. h3 Bxf3 9. Qxf3 e6 10. Nxc4 Nxc4 11. Bxc4 Bb4+ 12. Kf1 exd5 13. exd5 0-0 14. Bg5 Re8 15. Bxf6 Qxf6 16. Qxf6 gxf6 17. h4 Re4 18. b3 Rae8 19. g3 Re1+ 20. Kg2 Rxh1 21. Rxh1 Re1 22. Rh3 Kf8 23. g4 Ke7 24. Rf3 Bd6 25. Rf5 Re5 26. Rf3 Re4 27. Kh3 Bc5 28. Bd3 Rd4 29. Bxh7 Rxd5 30. Be4 Rd2 31. Bxb7 Bxf2 32. Bxa6 Bc5 33. h5 Bd6 34. Re3+ Kf8 35. Be2 Kg7 36. a5 Ra2 37. a6 Kh6 38. Kg2 Kg5 39. Kf3 f5 40. gxf5 Kxf5 41. Re8 Kg5 42. Ke3 f5 43. Rg8+ Kh6 44. Kd3 Rxa6 45. Rg6+ Kh7 46. Kc4 Rb6 47. Bd3 Be5 48. Bxf5 Rxg6 49. hxg6+ Kg7 50. Kd5 Bf4 51. b4 Bg3 52. b5 Bh2 53. Kc6 Bg3 54. Be4 Bf4 55. Bd3 Bg3 56. Bc2 Bf4 57. Bb1 Bg3 58. Bf5 Bf4 59. Kd7 Bg3 60. Ke6 Bf4 61. Kd5 Bg3 62. Ke4 Bh2 63. Kf3 Bd6 64. Kg4 Bh2 65. Be4 Bd6 66. Kf5 Bc5 67. Bd3 Bb6 68. Ke6 Ba5 69. Kd7 Bb6 70. Kc6 Ba5 71. Bf5 Bb6 72. Kb7 Ba5 73. Be4 Bb6 74. Ka6 Bd4 75. Kb7 Be5 76. Kc6 Bf4 77. Bd3 Bg3 78. Kd7 Bh2 79. Ke6 Bg3 80. Kd5 Bh2 81. Bc2 Bg3 82. Kc6 Bh2 83. Kc5 Bg3 84. Bd3 Bh2 85. Kc4 Bg3 86. Kb3 Bh2 87. Ka4 Bg3 88. Ka5 Bh2 89. Ka6 Bg3 90. Kb7 Bh2 91. Kc8 Bg3 92. Kd8 Bh2 93. Ke8 Bg3 94. Ke7 Bh2 95. Ke6 Bg3 96. Kf5 Bh2 97. Kg4 Bd6 98. Kf3 Be5 99. Ke2 Bd6 100. Ke3 Be5 101. Kf3 Bd6 102. Ke3 1/2-1/2

[Event "Titled Tuesday intern op 12th Dec Early"]
[Site "Chess.com INT"]
[Date "2023.12.12"]
[Round "6"]
[White "Hua, Lefong"]
[Black "Khromkin, Andrey"]
[Result "0-1"]
[WhiteElo "2305"]
[BlackElo "2191"]
[PlyCount "80"]
[EventDate "2023.12.12"]
[EventType "swiss (blitz)"]
[EventRounds "11"]
[EventCountry "USA"]
[SourceTitle "CB51_2023"]
[SourceDate "2023.12.20"]
[SourceVersion "1"]
[SourceVersionDate "2023.12.20"]
[SourceQuality "1"]

1. d4 d5 2. c4 dxc4 3. Nf3 a6 4. a4 Nc6 5. e3 Bg4 6. Bxc4 e6 7. 0-0 Nf6 8. Nc3 Bd6 9. h3 Bh5 10. Be2 0-0 11. b3 Qe7 12. Bb2 Rad8 13. Nd2 Bxe2 14. Qxe2 e5 15. d5 Nb4 16. e4 c6 17. dxc6 Nxc6 18. Nd5 Nxd5 19. exd5 Nd4 20. Qd3 Bb8 21. Bxd4 Rxd5 22. Nf3 exd4 23. Rad1 Rfd8 24. Rfe1 Qc7 25. g3 g6 26. Rc1 Rc5 27. Rxc5 Qxc5 28. Rd1 Rd6 29. Qe4 Ba7 30. Rd3 b5 31. axb5 axb5 32. b4 Qd5 33. Qe8+ Kg7 34. h4 Re6 35. Qc8 Qc4 36. Qxc4 bxc4 37. Rd1 d3 38. Kf1 Re2 39. Rd2 Rxd2 40. Nxd2 c3 0-1

[Event "Titled Tuesday intern op 12th Dec Early"]
[Site "Chess.com INT"]
[Date "2023.12.12"]
[Round "2"]
[White "Yushko, Olga"]
[Black "Khromkin, Andrey"]
[Result "0-1"]
[WhiteElo "2064"]
[BlackElo "2191"]
[PlyCount "64"]
[EventDate "2023.12.12"]
[EventType "swiss (blitz)"]
[EventRounds "11"]
[EventCountry "USA"]
[SourceTitle "CB51_2023"]
[SourceDate "2023.12.20"]
[SourceVersion "1"]
[SourceVersionDate "2023.12.20"]
[SourceQuality "1"]

1. d4 d5 2. c4 dxc4 3. Nc3 e5 4. Nf3 exd4 5. Nxd4 Bc5 6. e3 Ne7 7. Bxc4 0-0 8. 0-0 Nbc6 9. Nxc6 Nxc6 10. Qh5 Bd6 11. a3 Ne5 12. Be2 g6 13. Qh6 Ng4 14. Bxg4 Bxg4 15. h3 Be6 16. Ne4 f6 17. Nxd6 Qxd6 18. b4 Qe5 19. Bd2 Rad8 20. e4 Qxe4 21. Rae1 Qf5 22. Qe3 Bc4 23. Rc1 Bxf1 24. Rxf1 Rfe8 25. Qb3+ Qd5 26. Qxd5+ Rxd5 27. Be3 Red8 28. Bxa7 b6 29. Rc1 R5d7 30. Rc6 Ra8 31. Bxb6 cxb6 32. Rxb6 Kf7 0-1

[Event "Titled Tuesday intern op 26th Sep Early"]
[Site "Chess.com INT"]
[Date "2023.09.26"]
[Round "3"]
[White "Khromkin, Andrey"]
[Black "Rodriguez Dominguez, Melissa"]
[Result "1-0"]
[WhiteElo "2191"]
[BlackElo "2011"]
[PlyCount "55"]
[EventDate "2023.09.26"]
[EventType "swiss (blitz)"]
[EventRounds "11"]
[EventCountry "USA"]
[SourceTitle "EXT 2024"]
[Source "ChessBase"]
[SourceDate "2023.10.10"]
[SourceVersion "1"]
[SourceVersionDate "2023.10.10"]
[SourceQuality "1"]

1. d4 d5 2. c4 c6 3. Nf3 Nf6 4. Nc3 e6 5. Bg5 h6 6. Bxf6 Qxf6 7. e4 dxe4 8. Nxe4 Qe7 9. Bd3 g6 10. 0-0 Bg7 11. Re1 0-0 12. c5 Nd7 13. Nd6 Nf6 14. Ne5 Nd5 15. a3 b6 16. b4 bxc5 17. bxc5 Qc7 18. Qg4 a5 19. Nxg6 fxg6 20. Qxg6 Nf6 21. Re3 Ba6 22. Bc2 Rfd8 23. Rg3 Kf8 24. Re1 Ra7 25. Rxe6 Qb8 26. Rxf6+ Bxf6 27. Qg8+ Ke7 28. Qf7# 1-0

[Event "Titled Tuesday intern op 05th Sep Early"]
[Site "Chess.com INT"]
[Date "2023.09.05"]
[Round "1"]
[White "Khromkin, Andrey"]
[Black "Papasimakopoulos, Alexandros"]
[Result "0-1"]
[WhiteElo "2191"]
[BlackElo "2409"]
[PlyCount "96"]
[EventDate "2023.09.05"]
[EventType "swiss (blitz)"]
[EventRounds "11"]
[EventCountry "USA"]
[SourceTitle "EXT 2024"]
[Source "ChessBase"]
[SourceDate "2023.10.10"]
[SourceVersion "1"]
[SourceVersionDate "2023.10.10"]
[SourceQuality "1"]

1. d4 d5 2. c4 e6 3. Nc3 a6 4. cxd5 exd5 5. Nf3 c6 6. Bg5 Be7 7. Bf4 Nf6 8. e3 0-0 9. Bd3 Bg4 10. Qc2 Nbd7 11. Ne5 Bh5 12. h3 Rc8 13. Bf5 Bg6 14. 0-0 Bxf5 15. Qxf5 Nxe5 16. Bxe5 Nd7 17. Bg3 Nf6 18. a3 Bd6 19. Bh4 Be7 20. Bg3 g6 21. Qf3 Nh5 22. Bh2 Bd6 23. Bxd6 Qxd6 24. Rac1 Rce8 25. b4 f5 26. Na4 Nf6 27. Nc5 Rf7 28. Rfd1 Ne4 29. Qf4 Qf6 30. Nxe4 Rxe4 31. Qb8+ Kg7 32. a4 f4 33. exf4 Rxf4 34. Qe5 Rxf2 35. b5 Qxe5 36. dxe5 axb5 37. axb5 Re2 38. bxc6 bxc6 39. Rxc6 Rff2 40. Rc7+ Kh6 41. e6 Rxg2+ 42. Kf1 Ref2+ 43. Ke1 Ra2 44. Kf1 Rgf2+ 45. Kg1 Rfe2 46. e7 Kg5 47. Rxd5+ Kh4 48. Rd1 Kxh3 0-1

[Event "Titled Tuesday intern op 05th Sep Early"]
[Site "Chess.com INT"]
[Date "2023.09.05"]
[Round "6"]
[White "Khromkin, Andrey"]
[Black "Quispe Santacruz, Javier"]
[Result "0-1"]
[WhiteElo "2191"]
[BlackElo "1805"]
[PlyCount "88"]
[EventDate "2023.09.05"]
[EventType "swiss (blitz)"]
[EventRounds "11"]
[EventCountry "USA"]
[SourceTitle "EXT 2024"]
[Source "ChessBase"]
[SourceDate "2023.10.10"]
[SourceVersion "1"]
[SourceVersionDate "2023.10.10"]
[SourceQuality "1"]

1. d4 d5 2. c4 c6 3. Nf3 Nf6 4. Nc3 dxc4 5. a4 Bf5 6. Ne5 Nbd7 7. Nxc4 Nb6 8. e3 e6 9. a5 Nbd7 10. Qb3 Qc7 11. Bd2 Be7 12. Rc1 Rc8 13. g3 Ne4 14. Bg2 Nxd2 15. Nxd2 0-0 16. 0-0 Nf6 17. Nc4 h5 18. h3 h4 19. g4 Bd3 20. Rfd1 Bxc4 21. Qxc4 Rfd8 22. b4 Qd6 23. Rb1 a6 24. Na4 e5 25. Nc5 Rb8 26. Rb3 exd4 27. Rxd4 Qe5 28. Rbd3 Rxd4 29. Rxd4 Bxc5 30. bxc5 Re8 31. Qb3 Qc7 32. Rb4 Re7 33. Rb6 g6 34. Qb2 Nd7 35. Qd4 Nxb6 36. axb6 Qd7 37. Qf4 Qd1+ 38. Kh2 Qd7 39. g5 Qd2 40. Qxh4 Qc2 41. Qd4 Qxf2 42. Qd8+ Kg7 43. Qxe7 Qc2 44. Qf6+ Kg8 0-1

[Event "Titled Tuesday intern op 29th Aug Early"]
[Site "Chess.com INT"]
[Date "2023.08.29"]
[Round "6"]
[White "De Souza, Arthur Olintho"]
[Black "Khromkin, Andrey"]
[Result "0-1"]
[WhiteElo "2113"]
[BlackElo "2191"]
[PlyCount "46"]
[EventDate "2023.08.29"]
[EventType "swiss (blitz)"]
[EventRounds "11"]
[EventCountry "USA"]
[SourceTitle "EXT 2024"]
[Source "ChessBase"]
[SourceDate "2023.10.10"]
[SourceVersion "1"]
[SourceVersionDate "2023.10.10"]
[SourceQuality "1"]

1. e4 c5 2. Nf3 Nc6 3. d4 cxd4 4. Nxd4 g6 5. Nxc6 bxc6 6. Qd4 Nf6 7. e5 Nd5 8. c4 Nb4 9. Na3 Bg7 10. c5 Nd5 11. Nc4 0-0 12. Be2 d6 13. 0-0 Ba6 14. Rd1 dxe5 15. Qh4 Qc7 16. Bh6 Rad8 17. Bxg7 Kxg7 18. Rac1 Nf4 19. Bf1 Rxd1 20. Rxd1 Rd8 21. Re1 Rd4 22. Nxe5 Ne2+ 23. Rxe2 Rxh4 0-1

[Event "Titled Tuesday intern op 22nd Aug Early"]
[Site "Chess.com INT"]
[Date "2023.08.22"]
[Round "8"]
[White "Khromkin, Andrey"]
[Black "Aggelis, Nikolaos"]
[Result "0-1"]
[WhiteElo "2191"]
[BlackElo "2264"]
[PlyCount "78"]
[EventDate "2023.08.22"]
[EventType "swiss (blitz)"]
[EventRounds "11"]
[EventCountry "USA"]
[SourceTitle "EXT 2024"]
[Source "ChessBase"]
[SourceDate "2023.10.10"]
[SourceVersion "1"]
[SourceVersionDate "2023.10.10"]
[SourceQuality "1"]

1. d4 f5 2. e4 fxe4 3. Nc3 Nf6 4. Bg5 d5 5. Bxf6 exf6 6. Qh5+ g6 7. Qxd5 Bb4 8. Qxe4+ Kf7 9. Bc4+ Kg7 10. Nge2 Re8 11. Qd5 Bxc3+ 12. bxc3 Qe7 13. 0-0 c6 14. Qf3 Be6 15. Bb3 Bxb3 16. Nf4 Bf7 17. Nd3 Nd7 18. Rab1 Nb6 19. h4 Bxa2 20. Rbe1 Qf7 21. h5 Rxe1 22. Rxe1 Re8 23. Ra1 Bd5 24. Qg3 Nc8 25. Nf4 g5 26. Nxd5 Qxd5 27. f3 Qd6 28. Qg4 Qe6 29. Qg3 Qe3+ 30. Kh1 Qxc3 31. Rf1 Qe3 32. Qh3 Qe6 33. Qg3 Qd6 34. Qg4 Qe6 35. Qg3 h6 36. f4 Qe2 37. Rg1 Qxh5+ 38. Qh2 Qxh2+ 39. Kxh2 Re2 0-1

[Event "Titled Tuesday intern op 01st Aug Early"]
[Site "Chess.com INT"]
[Date "2023.08.01"]
[Round "8"]
[White "Zaichenko, Daria"]
[Black "Khromkin, Andrey"]
[Result "0-1"]
[WhiteElo "2104"]
[BlackElo "2191"]
[PlyCount "86"]
[EventDate "2023.08.01"]
[EventType "swiss (blitz)"]
[EventRounds "11"]
[EventCountry "USA"]
[SourceTitle "EXT 2024"]
[Source "ChessBase"]
[SourceDate "2023.10.10"]
[SourceVersion "1"]
[SourceVersionDate "2023.10.10"]
[SourceQuality "1"]

1. e4 c5 2. Nf3 Nc6 3. d4 cxd4 4. Nxd4 g6 5. Nc3 Bg7 6. Be3 Nf6 7. Be2 0-0 8. 0-0 d5 9. exd5 Nxd5 10. Nxd5 Nxd4 11. Bxd4 Qxd5 12. Bxg7 Qxd1 13. Raxd1 Kxg7 14. Bf3 Bf5 15. c3 Rac8 16. Rd4 Rc7 17. Rfd1 Kf6 18. g4 Bc8 19. h4 h6 20. Kg2 e5 21. Rd6+ Ke7 22. Kg3 Be6 23. a3 f5 24. gxf5 gxf5 25. Be2 Rg8+ 26. Kf3 Rg4 27. h5 Rh4 28. Kg3 Rf4 29. Rd8 Kf6 30. R1d6 Rg7+ 31. Kh3 b5 32. Bxb5 Rf3+ 33. Kh2 Rxf2+ 34. Kh1 Rf4 35. Rd2 Rh4+ 36. Rh2 Rxh2+ 37. Kxh2 f4 38. c4 f3 39. Rd1 e4 40. Rf1 Rg2+ 41. Kh1 Rxb2 42. Kg1 Kg5 43. c5 Rxb5 0-1